000 00542nam a2200205Ia 4500
005 20250604144915.0
008 008 250516s9999 xx 000 0 eng d
020 _a9781464139055
040 _beng
_cSDCL
041 _aeng
_2eng
084 _aX:72 R2
100 _aKrugman, Paul
245 0 _aMacroeconomics in modules
250 _a5th ed.
260 _aNew York :
_bWorth Publishers,
_c2022.
300 _axxiv, 489p.+V.P
650 _aBusiness Economics and Finance
_9811755
700 _aWells, Robin
942 _cTEXL
_2CC
999 _c1430715
_d1430715